The ... atlas of Guthrie County, Iowa. (Record no. 37817)

MARC details
000 -LEADER
fixed length control field 00847cam a2200253 4500
001 - CONTROL NUMBER
control field map68000889
003 - CONTROL NUMBER IDENTIFIER
control field DLC
005 - DATE AND TIME OF LATEST TRANSACTION
control field 20260227111556.0
008 - FIXED-LENGTH DATA ELEMENTS--GENERAL INFORMATION
fixed length control field 682210s1968 iaub 00000 eng
010 ## - LIBRARY OF CONGRESS CONTROL NUMBER
LC control number map68000889
050 0# - LIBRARY OF CONGRESS CALL NUMBER
Classification number G1433.G9
Item number B6 1968
110 00 - MAIN ENTRY--CORPORATE NAME
Corporate name or jurisdiction name as entry element Booth (R. C.) Enterprises, Harlan, Iowa.
245 14 - TITLE STATEMENT
Title The ... atlas of Guthrie County, Iowa.
260 1# - PUBLICATION, DISTRIBUTION, ETC.
Place of publication, distribution, etc. Harlan,
Date of publication, distribution, etc. 1968.
300 ## - PHYSICAL DESCRIPTION
Extent 35 p. (chiefly maps)
Dimensions 46 cm.
500 ## - GENERAL NOTE
General note On label on cover: Guthrie County, Iowa.
500 ## - GENERAL NOTE
General note Alternate pages blank.
500 ## - GENERAL NOTE
General note Scale of township maps ca. 1:32,000.
500 ## - GENERAL NOTE
General note Blue line print.
500 ## - GENERAL NOTE
General note Corrected to Feb. 8, 1968.
500 ## - GENERAL NOTE
General note The 1974 edition published under title: The 1974 atlas of Guthrie County, Iowa.
651 #0 - SUBJECT ADDED ENTRY--GEOGRAPHIC NAME
Geographic name Guthrie Co., Iowa
General subdivision Maps.
650 #0 - SUBJECT ADDED ENTRY--TOPICAL TERM
Topical term or geographic name entry element Real property
Geographic subdivision Guthrie Co., Iowa
General subdivision Maps.

No items available.

Powered by Koha